000 00237nam a2200109Ia 4500
008 190216s9999||||xx |||||||||||||| ||und||
100 _aRajan J B
245 0 _aAtomic Physics
260 _bS Chand & Co
650 _aPhysics
942 _cBK
999 _c32688
_d32688